| 000 | 01209nam a2200277 i 4500 | ||
|---|---|---|---|
| 999 |
_c7904 _d7904 |
||
| 001 | 991058478168306706 | ||
| 003 | OSt | ||
| 005 | 20240603111634.0 | ||
| 006 | m o d | | ||
| 007 | cr ||||||||||| | ||
| 008 | 201029s2019 sp a ob 000 0 spa d | ||
| 040 |
_aCDMR _cCDMR _bcat |
||
| 100 |
_94948 _aGranados, Josep |
||
| 245 | 1 | 0 |
_aEls drets dels col·lectius i persones afectades per discursos d'odi racistes i lgtbi-fòbics difosos a través dels mitjans de comunicació : _b diagnosi del funcionament dels mecanismes de queixa del Consell de l’Audiovisual de Catalunya i del Consell de la Informació de Catalunya _c / Josep Granados, Vicent Canet, Anna Clua |
| 264 | 1 | _c2024 | |
| 300 | _a1 recurs electrònic (197 pàgines) | ||
| 610 | 1 | 0 |
_9828 _aConsell de l'Audiovisual de Catalunya |
| 610 | 0 |
_94391 _aConsell de la Informació de Catalunya |
|
| 650 | 0 |
_aÈtica periodística _9983 _zCatalunya |
|
| 650 | 0 |
_aRacisme en els mitjans de comunicació de massa _93819 |
|
| 650 | 0 |
_aMitjans de comunicació de massa i minories _93830 |
|
| 700 |
_94949 _aCanet, Vicent |
||
| 700 |
_94950 _aClua, Anna |
||
| 856 |
_zAccés en línia _uhttp://hdl.handle.net/10609/150359 |
||
| 942 |
_2udc _cRECURS_WEB |
||